Rhodes (Record no. 86332)
[ view plain ]
| 000 -LEADER | |
|---|---|
| fixed length control field | 00436nam a2200193Ia 4500 |
| 003 - CONTROL NUMBER IDENTIFIER | |
| control field | 0100 |
| 005 - DATE AND TIME OF LATEST TRANSACTION | |
| control field | 20140409143758.0 |
| 008 - FIXED-LENGTH DATA ELEMENTS--GENERAL INFORMATION | |
| fixed length control field | 130307s9999 xx 000 0 und d |
| 040 ## - CATALOGING SOURCE | |
| Transcribing agency | ARRUPELIB |
| 050 ## - LIBRARY OF CONGRESS CALL NUMBER | |
| Classification number | DT776.R4 1933 |
| 300 ## - PHYSICAL DESCRIPTION | |
| Other physical details | 389p. 22cm. |
| 100 ## - MAIN ENTRY--PERSONAL NAME | |
| Personal name | Millin, Sarah Gertrude |
| 9 (RLIN) | 9866 |
| 245 ## - TITLE STATEMENT | |
| Title | Rhodes |
| 260 ## - PUBLICATION, DISTRIBUTION, ETC. (IMPRINT) | |
| Place of publication, distribution, etc | London |
| 260 ## - PUBLICATION, DISTRIBUTION, ETC. (IMPRINT) | |
| Name of publisher, distributor, etc | Chatto and Windus |
| 260 ## - PUBLICATION, DISTRIBUTION, ETC. (IMPRINT) | |
| Date of publication, distribution, etc | 1933 |
| 300 ## - PHYSICAL DESCRIPTION | |
| Extent | vi |
| 942 ## - ADDED ENTRY ELEMENTS (KOHA) | |
| Source of classification or shelving scheme | Library of Congress Classification |
| Koha item type | Monograph ( Printed materials) |
| Withdrawn status | Lost status | Source of classification or shelving scheme | Damaged status | Not for loan | Collection code | Home library | Current library | Date acquired | Total Checkouts | Full call number | Barcode | Date last seen | Copy number | Price effective from | Koha item type | Shelving location |
|---|---|---|---|---|---|---|---|---|---|---|---|---|---|---|---|---|
| Library of Congress Classification | Main Collection | ARRUPE LIBRARY | ARRUPE LIBRARY | 07/03/2013 | DT776.R4 M72 1933 | 46003034174 | 07/12/2017 | 1 | 07/03/2013 | Monograph ( Printed materials) | ||||||
| Library of Congress Classification | SPECIAL Collection | ARRUPE LIBRARY | ARRUPE LIBRARY | 09/04/2014 | SPC DT776.R4 M72 1933 | 46500001710 | 09/04/2014 | 2 | 09/04/2014 | REFERENCE | Main Collection |